000 01162nam a22003257a 4500
003 CHAP
005 20220329143438.0
008 090911s1993 mx a r 00010 spa d
010 _a96731
011 _a97703
020 _a9688842397
035 _a108373
040 _cCHAP
082 0 4 _a641.3373
_bEs14
100 0 0 _aEscamilla Prado, Esteban.
_937449
245 1 3 _aEl café cereza en México :
_btecnología de la producción
_c/por Esteban Escamilla Prado
260 _aChapingo, Méx. :
_bUACH. Centro Regional Universitario Oriente,
_c1993
300 _a116 p. :
_bcuadros, gráfs., ilus.
590 _aBATCH-UPD
_b10
_c20130110
_lUCH01
_h0854
590 _aBATCH-UPD
_b10
_c20130410
_lUCH01
_h0526
590 _aBATCH-UPD
_b10
_c20130914
_lUCH01
_h0812
590 _aCONVERSION
_b10
_c20130109
_lUCH01
_h1353
650 1 4 _aAgricultura
_xInnovaciones tecnológicas.
_91565
650 1 4 _aCafé
_xRendimiento.
_917196
650 1 4 _aCafé
_xVariedades.
_917208
901 _aBK
942 _cLIBRO
949 _a641.3373 Es14
_bBC
_cLIBRO
_d33724002326173
_eLIBRO
_fc.2
_h116331
_i108373
_si
949 _a641.3373 Es14
_bBC
_cUACH
_d33724002127983
_eUACH
_h111356
_i108373
_sb
999 _c96731
_d96731